Poznámky ze Spiše

Bibliographic Details
Main Author: Beneš, Jiří, 1925-1977 (Author)
Format: Article
Language:Slovak
Czech
Subjects:

MARC

LEADER 00000nab a2200000 ar4500
001 vtls009150378
003 SK-MaSNL
005 20260305001131.0
008 071017c19760702xo |r|p|||||||000 b|slo
015 |a SNBRB2007/10  |2 snkbucl 
038 |a SNKBUCL 
040 |a SNKBUCL  |b cze  |c SNKBUCL  |e AACR2 
041 |a cze 
044 |a xo  |c SK 
080 |a 792.079:792.077  |2 1997 
080 |a 792.077  |2 1997 
100 1 |a Beneš, Jiří,  |d 1925-1977  |4 aut  |9 261558 
245 1 0 |a Poznámky ze Spiše  |c Jiří Beneš 
611 2 7 |a Prehliadka amatérskych súborov  |n (  |d 1976 :  |c Spišská Nová Ves, Slovensko)  |2 snkbucl  |9 1576227 
651 7 |a Spišská Nová Ves (Slovensko)  |2 snkbucl  |9 28800 
773 0 |t Práce  |g (2.7.1976), s. 6 
852 |a SNK  |b KIS3GCP 
958 |a SK 
999 |c 3217613  |d 3219543